header

Mixed electoral systems (Record no. 85058)

MARC details
000 -LEADER
fixed length control field 01433nam a2200385Ia 4500
082 04 - DEWEY DECIMAL CLASSIFICATION NUMBER
Classification number 324.6/3
100 1# - MAIN ENTRY--AUTHOR NAME
Personal name Ferrara, Federico.
245 10 - TITLE STATEMENT
Title Mixed electoral systems
250 ## - EDITION STATEMENT
Edition statement 1st ed.
260 ## - PUBLICATION, DISTRIBUTION, ETC. (IMPRINT)
Place of publication New York :
Name of publisher Palgrave Macmillan,
Year of publication 2005.
300 ## - PHYSICAL DESCRIPTION
Number of Pages xii, 184 p. :
Other physical details ill.
650 #0 - SUBJECT ADDED ENTRY--TOPICAL TERM
Topical Term Elections.
Topical Term Representative government and representation.
Topical Term Comparative government.
700 1# - ADDED ENTRY--PERSONAL NAME
Personal name Herron, Erik S.
Personal name Nishikawa, Misa.
856 40 - ELECTRONIC LOCATION AND ACCESS
Uniform Resource Identifier http://site.ebrary.com/lib/rucke/Doc?id=10135406

No items available.

© 2026 Rongo University
Contact us: librarian | system librarian | Rongo university